Về mái nhà xưa (Tiểu thuyết tâm lý xã hội Mỹ) = Going home

Đã lưu trong:
Bibliografiske detaljer
Hovedforfatter: Danielle Steel
Format: Bog
Sprog:Undetermined
Udgivet: Hà Nội Hội Nhà Văn 1997
Fag:
Tags: Tilføj Tag
Ingen Tags, Vær først til at tagge denne postø!
Thư viện lưu trữ: Trung tâm Học liệu Trường Đại học Cần Thơ
LEADER 00546nam a2200181Ia 4500
001 CTU_27069
008 210402s9999 xx 000 0 und d
082 |a 813.54 
082 |b S813v 
100 |a Danielle Steel 
245 0 |a Về mái nhà xưa (Tiểu thuyết tâm lý xã hội Mỹ) 
245 0 |b = Going home 
245 0 |c Danielle Steel 
260 |a Hà Nội 
260 |b Hội Nhà Văn 
260 |c 1997 
650 |a american fiction - 20th century 
980 |a Trung tâm Học liệu Trường Đại học Cần Thơ